Les pokémon de départ dans les jeux pokémon - Statistiques

Statistiques générales
  • Ce quiz a été pris 40 fois
  • Le résultat moyen est 38 sur 81
Statistiques - réponses
Type de quiz Réponse % Correct
Feu Salameche
97%
Plante/Poison Bulbizarre
91%
Eau Carapuce
91%
Feu Ouisticram
79%
Feu/Vol(/Dragon) Dracaufeu
74%
Feu Reptincel
74%
Plante/Poison Florizarre
68%
Feu Hericendre
68%
Feu Poussifeu
68%
Eau Tiplouf
68%
Plante Tortipouss
68%
Eau Carabaffe
65%
Eau Tortank
65%
Plante Vipélierre
65%
Eau Gobou
62%
Eau Grenousse
62%
Plante/Poison Herbizarre
62%
Eau Moustillon
62%
Plante Arcko
59%
Plante Germignon
59%
Feu Gruikui
59%
Eau Kaiminus
59%
Feu Feunnec
56%
Pla te Meganium
56%
Plante/Sol Torterra
56%
Eau/Ténèbres Amphinobi
53%
Feu/Combat Brasegali
53%
Feu Flamiaou
53%
Plante Marisson
53%
Feu (/Spectre) Typhlosion
53%
Plante Boskara
50%
Feu/combat Chimpenfeu
50%
Eau/Sol Flobio
50%
Eau/Sol Laggron
50%
Plante Massko
50%
Eau/Acier Pingoléon
50%
Eau (/Ténèbres) Clamiral
47%
Plante(/Dragon) Jungko
47%
Plante Lianaja
47%
Plante Macronium
47%
Eau Otaquin
47%
Eau Prinplouf
47%
Feu/Combat Roitiflam
47%
Eau Aligatueur
44%
Plante/Spectre(Combat) Archeduc
44%
Plante Brindibou
44%
Eau Croaporal
44%
Feu/Ténèbres Felinferno
44%
Feu Feurisson
44%
Feu/Combat Galifeu
44%
Eau Crocrodil
41%
Feu/Psy Goupelin
41%
Plante Majaspic
41%
Eau Mateloutre
41%
Feu/Combat Simiabraz
41%
Plante/Combat Blindépique
38%
Feu Chochodile
38%
Feu/Combat Grotichon
38%
Plante Poussacha
38%
Feu Roussil
38%
Plante Boguérisse
35%
Feu Flambino
35%
Eau Larméléon
35%
Feu Matoufeu
35%
Eau/Fée Oratoria
35%
Plante Ouistempo
32%
Eau Coiffeton
29%
Plante/Vol Efflèche
29%
Eau Lezargus
29%
Eau Otarlette
26%
Feu Pyrobut
26%
Eau Canarbello
24%
Feu/Spectre Flamigator
24%
Plante Gorythmic
24%
Plante/Ténèbres Miascarade
24%
Eau/Combat Palmaval
24%
Eau Arrozard
21%
Feu Lapyro
21%
Plante Badabouin
18%
Plante Matourgeon
18%
Feu Crocogril
15%
Aucun quiz correspondant
Distribution des résultats
% des personnes avec chaque résultat
Percentile par nombre de réponses
Votre historique - résultats
Vous n’avez pas pris ce quiz